000 00362pab a2200157 454500
008 180718b1999 xxu||||| |||| 00| 0 eng d
100 _aMustafa, Seema
245 _aWhere eagles dare and ministers default
260 _c1999
300 _ap.12
362 _a5 Jun
650 _aDefence
650 _aKargil conflict
773 _aAsian Age
909 _a42210
999 _c42210
_d42210